Mimočítankové čítanie pre 2. ročník ZŠ. Pracovné listy

Podrobná bibliografia
Hlavný autor: Masarovičová, Beata (Autor)
Médium: Kniha
Jazyk:slovenčina
Fyzický popis:[16] s. ilustr. 30 cm
Vydavateľské údaje: Veľký Biel Pope print [2003]
ISBN:8096877828
Vydanie:1. vyd.
Predmet:

MARC

LEADER 00000cam a2200000 a 4500
001 vtls001479894
003 SK-MaSNL
005 20260301122151.0
008 240318s2003 xo a 00000 slo
015 |a SNBA2004/10-05889 
020 |a 8096877828 
035 |a SNK000435192 
035 |a urn:nbn:sk:snk-amls8b 
035 |a urn:nbn:sk:snk-am00c9qi 
035 |a DE930E38-B905-48A1-9A85-1DE67E81B41B 
040 |a SNK  |b slo  |c SNK  |e AACR2 
041 0 |a slo 
044 |a xo  |c SK 
072 7 |a 37.016  |x Učebné osnovy. Vyučovacie predmety. Učebnice  |2 konspekt 
072 7 |a 811.162.4  |x Slovenčina  |2 konspekt 
080 |a 811.162.4  |2 1981 
080 |a 37.016:028-028.31  |2 1981 
080 |a 37.016:82  |2 1981 
080 |a 159.955  |2 1981 
080 |a (075.2)  |2 1981 
080 |a (076.1)  |2 1981 
080 |a (041)  |2 1981 
100 1 |a Masarovičová, Beata  |4 aut  |9 395871 
245 1 0 |a Mimočítankové čítanie pre 2. ročník ZŠ. Pracovné listy  |c [autor: Beata Masarovičová] 
250 |a 1. vyd. 
260 |a Veľký Biel  |b Pope print  |c [2003] 
300 |a [16] s.  |b ilustr.  |c 30 cm 
500 |a Názov z obalu 
650 0 7 |a slovenčina  |2 SNKPH  |9 1350 
650 0 7 |a čítanie  |2 SNKPH  |9 1654 
650 0 7 |a literárna výchova  |2 SNKPH  |9 1653 
650 0 7 |a rozvoj myslenia  |2 SNKPH  |9 3967 
655 7 |a učebnice základných škôl  |2 SNKPH  |9 70187 
655 7 |a pracovné listy  |2 SNKPH  |9 70565 
655 7 |a brožúry  |2 SNKPH  |9 70146 
919 |a 80-968778-2-8 
968 |d 37 
999 |c 731984  |d 733914 
952 |t P60, <03>, [BOOK], {603}  |a SNK  |b SNK  |y PREZ  |7 0  |p 17A0439253  |o snkSB 69046  |i snkKSP 10722/2004  |g 13.28  |0 0  |1 0  |4 0  |d 2004-08-10  |f 1  |l 0  |r 2025-04-23 00:00:00  |w 2026-02-23